Countries in Norwegian #2 - Statistics

General Stats
  • This quiz has been taken 4 times
  • The average score is 17 of 20
Answer Stats
English Norwegian % Correct
Bangladesh Bangladesh
100%
Equatorial Guinea Ekvatorial Guinea
100%
Estonia Estland
100%
Ethiopia Etiopia
100%
Cameroon Kamerun
100%
Croatia Kroatia
100%
Austria Østerrike
100%
Zambia Zambia
100%
Azerbaijan Aserbajdsjan
75%
Cuba Cuba
75%
Ivory Coast Elfenbenskysten
75%
Philippines Filippinene
75%
Cambodia Kambodsja
75%
Maldives Maldivene
75%
Netherlands Nederland
75%
Russia Russland
75%
South Africa Sør-Afrika
75%
Switzerland Sveits
75%
Czechia Tsjekkia
75%
Democratic Republic of The Congo Den demokratiske republikken Kongo
50%
No matching quizzes found
Score Distribution
Percent of People with Each Score
Percentile by Number Answered
Your Score History
You have not taken this quiz